000 00405nam a22001577a 4500
005 20250604120743.0
008 250604b |||||||| |||| 00| 0 eng d
020 _a0-6180 -37230-X
050 _aHD 70 USP75
_b1
100 _aWILLIAM PRIDE
245 _aBUSINESSS
_bPRIDE HUGHES
250 _a8TH EDICTION
260 _aNEW YORK
_bHOUGHTON MIFFLIN
_c2005
700 _aROBERT HUGHES
942 _2lcc
_cBK
999 _c215562
_d215562